000 00444nam a2200169Ia 4500
003 IN-BaIIA
005 20250702103802.0
008 211028s9999 xx 000 0 eng d
040 _cIIA Library
080 _a535.338
_bJEV
100 _aJevons, W.
_91781
245 0 _aReport on band-spectra of diatomic molecules
_cW. Jevons
260 _aLondon
_bUniversity Press
_c1932
300 _a308p.
650 _aSpectroscopy
_91535
942 _cBK
_2ddc
999 _c833
_d833